ბათუმის შოთა რუსთაველის სახელმწიფო უნივერსიტეტის ბიბლიოთეკა

Методы решения интегральных уравнении (ბიბ.ჩანაწერი № 51356)

000 -LEADER
fixed length control field 00988nam a2200265Ia 4500
001 - CONTROL NUMBER
control field 18338
003 - CONTROL NUMBER IDENTIFIER
control field GE_BSU
008 - FIXED-LENGTH DATA ELEMENTS--GENERAL INFORMATION
fixed length control field 181216s||||||||xx |||||||||||||| ||und||
020 ## - INTERNATIONAL STANDARD BOOK NUMBER
International Standard Book Number 9669605873
040 ## - CATALOGING SOURCE
Transcribing agency GE_BSU
080 ## - UNIVERSAL DECIMAL CLASSIFICATION NUMBER
Universal Decimal Classification number 517.94
100 ## - MAIN ENTRY--PERSONAL NAME
Personal name Довгий,С.А., Лифанов, И.К.
245 ## - TITLE STATEMENT
Title Методы решения интегральных уравнении
245 ## - TITLE STATEMENT
Remainder of title Теория и приложения
245 ## - TITLE STATEMENT
Statement of responsibility, etc. Ред.Т.С.Мельник
250 ## - EDITION STATEMENT
Edition statement Нац.акад.наук Украины ин-т гидромеханики. Военный авиационный технич. ун-т им. Жуковского(Россия)
260 ## - PUBLICATION, DISTRIBUTION, ETC.
Place of publication, distribution, etc. Киев
260 ## - PUBLICATION, DISTRIBUTION, ETC.
Name of publisher, distributor, etc. Наукова думка
260 ## - PUBLICATION, DISTRIBUTION, ETC.
Date of publication, distribution, etc. 2002
300 ## - PHYSICAL DESCRIPTION
Extent 343стр.22 см.
300 ## - PHYSICAL DESCRIPTION
Accompanying material Библиогр. стр.338-343
653 ## - INDEX TERM--UNCONTROLLED
Uncontrolled term Методы решения интегральных уравнении
653 ## - INDEX TERM--UNCONTROLLED
Uncontrolled term Теория и приложения
942 ## - ADDED ENTRY ELEMENTS (KOHA)
Koha item type წიგნი
ეგზემპლარები
Withdrawn status Lost status Damaged status Not for loan Date acquired Barcode Date last seen Price effective from Koha item type
        2018-12-17 46862 2018-12-17 2018-12-17 წიგნი